| 000 | 00927nas a2200289 4500 | ||
|---|---|---|---|
| 001 | BR0904674 | ||
| 003 | BR-BrBNA | ||
| 005 | 20231205113525.0 | ||
| 007 | ta | ||
| 008 | 230509b bl.|||p| |||| 00| 00por d | ||
| 040 |
_aBR-BrBNA _bpor _cBiblioteca Nacional de Agricultura |
||
| 041 | _a(Pt) | ||
| 072 | _aL72 | ||
| 100 | 1 | _aAlves, L.C. | |
| 100 | 1 | _aBorges, C.C.A. | |
| 100 | 1 | _aSilva, S. da | |
| 100 | 1 | _aCouto, S.E.R. | |
| 100 | 1 | _aMenezes, R.C. | |
| 245 | 1 | _aEndoparasitas em cobaias (Cavia porcellus)(Mammalia, Rodentia, Caviidae)provenientes de biotérios de criação e experimentação do município do Rio de Janeiro, Brasil | |
| 650 | _aCOBAIA | ||
| 650 | _aHELMINTO | ||
| 650 | _aPROTOZOÁRIO | ||
| 650 | _aRIO DE JANEIRO | ||
| 773 | 0 |
_tCiência Rural (Brazil) _xISSN 0103-8478 _g(Sep-Oct 2007), v. 37(5) p. 1380-1386 _wBR0904674 |
|
| 909 |
_a202311 _bLúcia _c55 _dLúcia Elande |
||
| 942 |
_2AGRIS _n0 _cANA |
||
| 999 |
_c204241 _d204241 |
||